[Event "ch-FRA Top 16 GpB"]
[Site "Cannes FRA"]
[Date "2005.04.02"]
[Round "6"]
[White "Rotstein,A"]
[Black "Feller,S"]
[Result "0-1"]
[WhiteElo "2528"]
[BlackElo "2191"]
[EventDate "2005.03.31"]

1. Nf3 g6 2. g3 Bg7 3. Bg2 Nf6 4. c4 O-O 5. O-O d6 6. Nc3 e5 7. d3 Nc6 8.
Rb1 a5 9. a3 Re8 10. Bg5 h6 11. Bxf6 Bxf6 12. b4 axb4 13. axb4 Bg7 14. b5
Ne7 15. Qb3 Be6 16. Nd2 c6 17. Rfd1 d5 18. Na4 Qd6 19. Qb4 Qxb4 20. Rxb4
Bf8 21. bxc6 bxc6 22. Nc3 Reb8 23. Rbb1 Bg7 24. cxd5 cxd5 25. Nb5 Ra2 26.
h3 h5 27. e3 Rc8 28. Kf1 Rcc2 29. Ke2 d4 30. Rbc1 Rxc1 31. Rxc1 dxe3 32.
fxe3 Nf5 33. g4 Nh4 34. Be4 hxg4 35. Nc3 Rb2 36. Nd1 Rb8 37. hxg4 Bxg4+ 38.
Kf2 Be6 39. Ra1 Nf5 40. Ra8 Rxa8 41. Bxa8 Bh6 42. Nc4 f6 43. Bf3 Ne7 44.
Nc3 Kg7 45. Nb5 Bg5 46. Nbd6 Bh4+ 47. Ke2 Kh6 48. Ne8 Kg5 49. Ned6 Nf5 50.
Nxf5 Bxf5 51. Nd6 Be6 52. Ne4+ Kh6 53. Nc5 Bh3 54. Bd5 g5 55. Be6 Bxe6 56.
Nxe6 f5 57. e4 fxe4 58. dxe4 g4 59. Kf1 Bg5 60. Kg2 Bf4 61. Nc7 Kg5 62. Nd5
Bd2 63. Kg3 Be1+ 64. Kg2 g3 65. Kf1 Bf2 66. Kg2 Kg4 67. Ne7 Kf4 68. Ng6+
Kxe4 69. Kf1 Kd4 70. Ke2 Ke4 71. Nh4 Kf4 72. Ng6+ Kf5 73. Ne7+ Kg4 74. Ng6
Bd4 0-1

[Event "ch-FRA Top 16 GpB"]
[Site "Cannes FRA"]
[Date "2005.04.02"]
[Round "6"]
[White "Marchadour,C"]
[Black "Kosten,A"]
[Result "0-1"]
[WhiteElo "2085"]
[BlackElo "2527"]
[EventDate "2005.03.31"]

1. e4 c5 2. Nf3 d6 3. d4 Nf6 4. Nc3 cxd4 5. Nxd4 a6 6. f3 e5 7. Nb3 Be6 8.
Be3 Nbd7 9. Qd2 b5 10. g4 Nb6 11. g5 Nfd7 12. Nd5 Rc8 13. h4 Bxd5 14. exd5
Nc4 15. Bxc4 bxc4 16. Nc1 c3 17. bxc3 Nb6 18. Bxb6 Qxb6 19. Nd3 h6 20. g6
f5 21. Nb4 Be7 22. Nc6 Bf6 23. Ke2 O-O 24. Rab1 Qc5 25. Qe3 Qxd5 26. Nb4
Qb5+ 27. Qd3 Rxc3 28. Qxb5 axb5 29. Rhd1 Bxh4 30. Rxd6 e4 31. fxe4 fxe4 32.
Re6 Rf2+ 33. Kd1 Rc8 34. Nd5 0-1

[Event "ch-FRA Top 16 GpB"]
[Site "Cannes FRA"]
[Date "2005.04.02"]
[Round "6"]
[White "Lallemand,R"]
[Black "Jeitz,C"]
[Result "1/2-1/2"]
[WhiteElo "2303"]
[BlackElo "2119"]
[EventDate "2005.03.31"]

1. e4 c5 2. Nc3 Nc6 3. Bb5 Nd4 4. Bc4 e6 5. Nf3 Ne7 6. Nxd4 cxd4 7. Ne2 Nc6
8. d3 Bc5 9. O-O O-O 10. c3 d5 11. exd5 exd5 12. Bb3 dxc3 13. bxc3 d4 14.
cxd4 Nxd4 15. Nxd4 Bxd4 16. Rb1 Qf6 17. Be3 b6 18. Rc1 Ba6 19. Qg4 Rad8 20.
Bc4 Bxc4 21. Rxc4 Bxe3 22. fxe3 Qb2 23. Qf4 Qxa2 24. Ra4 Qe6 25. Rxa7 Rxd3
26. Rb7 Rxe3 27. Qd4 Re1 28. Rxb6 Qe2 29. Qf2 Rxf1+ 30. Qxf1 Qe3+ 31. Qf2
Qc1+ 32. Qf1 Qxf1+ 33. Kxf1 h5 1/2-1/2

[Event "ch-FRA Top 16 GpB"]
[Site "Cannes FRA"]
[Date "2005.04.02"]
[Round "6"]
[White "Milov,V"]
[Black "Dgebuadze,A"]
[Result "1-0"]
[WhiteElo "2668"]
[BlackElo "2547"]
[EventDate "2005.03.31"]

1. d4 e6 2. c4 Nf6 3. Nc3 Bb4 4. e3 O-O 5. Nge2 d5 6. a3 Be7 7. cxd5 exd5
8. b4 c6 9. Ng3 Re8 10. Bd3 Nbd7 11. O-O a5 12. b5 c5 13. Na4 b6 14. Bb2
Bb7 15. Qf3 Bf8 16. Rfd1 Rb8 17. Bf5 Ba8 18. Ne2 Qe7 19. Nf4 cxd4 20. Bxd4
Ne5 21. Qg3 Nc4 22. Nc3 g6 23. Bd3 Ne5 24. h4 Bg7 25. Be2 Ne4 26. Nxe4 dxe4
27. a4 h6 28. Rac1 Bf6 29. Qh3 Red8 30. Rc2 Nd3 31. Bxf6 Qxf6 32. Nxd3 exd3
33. Rxd3 Be4 34. Rxd8+ Rxd8 35. Rc4 Bd3 36. Bxd3 Rxd3 37. Rf4 Qd6 38. Qc8+
Kg7 39. Qb7 Qe6 40. Qf3 Qd5 41. Qxd5 Rxd5 42. g4 Kf8 43. Kg2 Rd2 44. Re4
Ra2 45. g5 hxg5 46. hxg5 Ra1 47. Kg3 Rg1+ 48. Kf4 Rg2 49. f3 Ra2 50. Ke5
Rd2 51. Rd4 Rf2 52. f4 Re2 53. e4 Ke7 54. Rc4 Ra2 55. Rc7+ Kd8 56. Rxf7
Rxa4 57. f5 Rb4 58. fxg6 Ke8 59. Rb7 1-0

[Event "ch-FRA Top 16 GpB"]
[Site "Cannes FRA"]
[Date "2005.04.02"]
[Round "6"]
[White "Moldovan,D"]
[Black "Romero Holmes,A"]
[Result "1/2-1/2"]
[WhiteElo "2411"]
[BlackElo "2515"]
[EventDate "2005.03.31"]

1. e4 c5 2. Nf3 d6 3. Bc4 Nf6 4. d3 e6 5. Bb3 Nc6 6. c3 Be7 7. O-O b5 8.
Re1 d5 9. exd5 Nxd5 10. d4 O-O 11. dxc5 Bxc5 12. Bxd5 exd5 13. Be3 Bxe3 14.
Rxe3 Bg4 1/2-1/2

[Event "ch-FRA Top 16 GpB"]
[Site "Cannes FRA"]
[Date "2005.04.02"]
[Round "6"]
[White "Rahal,M"]
[Black "Gerard,N"]
[Result "1-0"]
[WhiteElo "2431"]
[BlackElo "2329"]
[EventDate "2005.03.31"]

1. e4 e5 2. Nf3 Nf6 3. d4 Nxe4 4. Bd3 d5 5. Nxe5 Nd7 6. Nxd7 Bxd7 7. Nc3
Nxc3 8. bxc3 Bd6 9. Qh5 Qe7+ 10. Be3 c6 11. O-O g6 12. Qh6 Qf8 13. Qh4 Be7
14. Qg3 Bd6 15. Bf4 Bxf4 16. Qxf4 Qe7 17. Rab1 Be6 18. Rfe1 O-O 19. h4 h5
20. Qh6 Rae8 21. Re5 Qf6 22. Rxb7 Rb8 23. Bxg6 Qxg6 24. Qxg6+ fxg6 25. Rxb8
Rxb8 26. Rxe6 Kf7 27. Rxc6 Rb1+ 28. Kh2 Rb2 29. a4 Rxc2 30. Kg3 a5 31. Kf3
Ra2 32. Rc5 Rxa4 33. Rxd5 Rc4 34. Rxa5 Rxc3+ 35. Ke2 Kf6 36. Kd2 Rc4 37.
Kd3 Rc1 38. g3 Rd1+ 39. Ke3 Re1+ 40. Kf4 Rd1 41. Ra6+ Kf7 42. Kg5 Rxd4 43.
Rf6+ 1-0

[Event "ch-FRA Top 16 GpB"]
[Site "Cannes FRA"]
[Date "2005.04.02"]
[Round "6"]
[White "Berthelot,Y"]
[Black "Guidarelli,L"]
[Result "0-1"]
[WhiteElo "2323"]
[BlackElo "2438"]
[EventDate "2005.03.31"]

1. e4 c5 2. Nf3 d6 3. d4 cxd4 4. Nxd4 Nf6 5. Nc3 a6 6. f3 e6 7. Be3 b5 8.
Qd2 Nfd7 9. O-O-O Bb7 10. Kb1 Nb6 11. Bg5 Qd7 12. Ndxb5 axb5 13. Nxb5 Nc8
14. Qc3 Bc6 15. Bf4 Na6 16. Nxd6+ Nxd6 17. Bxa6 Rxa6 18. Bxd6 Bxd6 19. Qxg7
Rf8 20. e5 Bd5 21. exd6 Bxa2+ 22. Kc1 Bd5 23. b3 Qxd6 24. Qd4 Qa3+ 25. Qb2
Ke7 26. Qxa3+ Rxa3 27. Kb2 Rfa8 28. Rhe1 Ra2+ 0-1

[Event "ch-FRA Top 16 GpB"]
[Site "Cannes FRA"]
[Date "2005.04.02"]
[Round "6"]
[White "Guadalpi,D"]
[Black "Delorme,Ax"]
[Result "1/2-1/2"]
[WhiteElo "2324"]
[BlackElo "2206"]
[EventDate "2005.03.31"]

1. c4 c6 2. e4 e5 3. Nc3 Be7 4. Nf3 d6 5. d4 Bg4 6. Be3 Nd7 7. Be2 Bxf3 8.
Bxf3 Bg5 9. Qd2 Bxe3 10. Qxe3 Ngf6 11. O-O-O Qe7 12. Be2 O-O 13. f4 exf4
14. Qxf4 c5 15. g4 cxd4 16. Rxd4 Qe5 17. Qxe5 dxe5 18. Rd2 Nc5 19. Bf3 Ne6
20. Nd5 Nd4 21. Nxf6+ gxf6 22. Be2 Rac8 23. Bd3 a5 24. Rf1 Kg7 25. Rdf2 Rc6
26. Kd2 b6 1/2-1/2

[Event "ch-FRA Top 16 GpB"]
[Site "Cannes FRA"]
[Date "2005.04.02"]
[Round "6"]
[White "Boudre,JP"]
[Black "Crouan,S"]
[Result "1-0"]
[WhiteElo "2339"]
[BlackElo "2229"]
[EventDate "2005.03.31"]

1. e4 e5 2. Nf3 Nc6 3. Bb5 Nf6 4. d3 d6 5. O-O Be7 6. Re1 O-O 7. c3 a6 8.
Ba4 b5 9. Bc2 Nb8 10. Nbd2 c5 11. a4 Bb7 12. Nf1 Nbd7 13. Ng3 Re8 14. d4
cxd4 15. cxd4 Bf8 16. d5 Nc5 17. axb5 axb5 18. Rxa8 Qxa8 19. b4 Na4 20. Bd3
Rb8 21. Nf5 Bc8 22. Ne3 Bd7 23. Qb3 Nb6 24. Nd1 Qb7 25. h3 Rc8 26. Ne3 Na4
27. Bd2 Be7 28. g4 Ne8 29. Nf5 Bf8 30. Kg2 Nc7 31. Ng1 Na8 32. Ne2 N8b6 33.
Ne3 Be7 34. Ra1 Bg5 35. Nf1 Be7 36. f4 exf4 37. Bxf4 Nc4 38. Ra2 Bf6 39.
Ne3 Nxe3+ 40. Bxe3 Nc3 41. Ra7 1-0

[Event "ch-FRA Top 16 GpB"]
[Site "Cannes FRA"]
[Date "2005.04.02"]
[Round "6"]
[White "Edouard,R"]
[Black "Gregoire,S"]
[Result "0-1"]
[WhiteElo "2221"]
[BlackElo "2280"]
[EventDate "2005.03.31"]

1. e4 c5 2. Nf3 Nc6 3. d4 cxd4 4. Nxd4 e5 5. Nb5 d6 6. c4 Be7 7. N1c3 a6 8.
Na3 Be6 9. b3 Nf6 10. Nc2 Rc8 11. Bb2 O-O 12. Be2 b5 13. cxb5 axb5 14. Bf3
Qb6 15. O-O b4 16. Nd5 Bxd5 17. exd5 Nb8 18. Ne3 Rfe8 19. Qd2 Nbd7 20. Rfd1
Nc5 21. Nc4 Qb5 22. Be2 Qb8 23. h3 Nfe4 24. Qe1 Qa7 25. Kh2 Rb8 26. f3 Nf6
27. Bf1 Nh5 28. Qf2 Nf4 29. a3 Qd7 30. axb4 Nxb3 31. Ra7 Qf5 32. Na5 Nxa5
33. bxa5 Rb3 34. Bc1 Bg5 35. a6 Nxh3 36. Qa2 Rc3 37. Qa4 Rec8 38. Bxg5 Nxg5
39. Re7 g6 40. a7 Rc2 41. Qg4 Nxf3+ 42. Kg3 Nd4 43. Rxd4 Qxf1 44. Qe4 Qf2+
45. Kh3 exd4 46. Re8+ Rxe8 47. Qxe8+ Kg7 0-1

[Event "ch-FRA Top 16 GpB"]
[Site "Cannes FRA"]
[Date "2005.04.02"]
[Round "6"]
[White "Le Roch,D"]
[Black "Hinks Edwards,T"]
[Result "0-1"]
[WhiteElo "1948"]
[BlackElo "2383"]
[EventDate "2005.03.31"]

1. d4 Nf6 2. c4 e6 3. Nc3 Bb4 4. Qc2 O-O 5. e4 d5 6. e5 Ne4 7. Bd3 c5 8.
dxc5 Nd7 9. cxd5 exd5 10. Bxe4 dxe4 11. Be3 Nxe5 12. Qxe4 Re8 13. Rd1 Qa5
14. Nge2 Bg4 15. Qc2 Nc4 16. O-O Bxc3 17. bxc3 Nxe3 18. fxe3 Qxc5 19. Rd4
Rxe3 20. Rf2 Bxe2 21. Rxe2 Rxc3 22. Qe4 g6 23. Qd5 Qxd5 24. Rxd5 Rac8 25.
Rd7 R8c7 26. Rd8+ Kg7 27. Rd5 Rc2 28. Rxc2 Rxc2 29. Rd7 Rb2 30. a4 a5 31.
Kf1 h5 32. h3 h4 33. Rc7 b6 34. Rb7 g5 35. Ra7 Kg6 36. Ra8 Kf5 37. Rf8 f6
38. Re8 Rb4 39. Rb8 Kf4 40. Ke2 Rb2+ 41. Kf1 Kg3 42. Rd8 Rb1+ 43. Ke2 Kxg2
0-1

[Event "ch-FRA Top 16 GpB"]
[Site "Cannes FRA"]
[Date "2005.04.02"]
[Round "6"]
[White "Guadalpi,C"]
[Black "Marchadour,E"]
[Result "1/2-1/2"]
[WhiteElo "1882"]
[BlackElo "2017"]
[EventDate "2005.03.31"]

1. d4 Nf6 2. Bg5 e6 3. e4 Be7 4. Bxf6 Bxf6 5. e5 Be7 6. Nf3 O-O 7. Bd3 d6
8. O-O Nc6 9. c3 dxe5 10. dxe5 Qd5 11. Qe2 Rd8 12. Be4 Qc5 13. b4 Qb6 14.
a4 a5 15. b5 Nb8 16. Nbd2 Nd7 17. Nc4 Qa7 18. Nd4 Nb6 19. Ne3 Nd7 20. Nc4
Nc5 21. Bf3 Bd7 22. Rfb1 Qb8 23. Qe3 Qc8 24. h3 Be8 25. Rd1 h6 26. Qe2 c6
27. Nb6 Qc7 28. Nxa8 Rxa8 29. bxc6 bxc6 30. Qc4 Rc8 31. Re1 Rb8 32. Rab1
Rxb1 33. Rxb1 Qxe5 34. Nxc6 Bxc6 35. Bxc6 Bd6 36. g3 Qf5 37. Rf1 Qxh3 38.
Bg2 Qf5 39. Qd4 Be7 40. Rd1 Qc2 41. Rd2 Qxa4 42. Qxa4 1/2-1/2

[Event "ch-FRA Top 16 GpB"]
[Site "Cannes FRA"]
[Date "2005.04.03"]
[Round "7"]
[White "McShane,L"]
[Black "Rotstein,A"]
[Result "1-0"]
[WhiteElo "2614"]
[BlackElo "2528"]
[EventDate "2005.03.31"]

1. e4 c5 2. d3 Nc6 3. g3 d5 4. exd5 Qxd5 5. Nf3 b6 6. Bg2 Bb7 7. O-O Nf6 8.
Bg5 e6 9. Bxf6 gxf6 10. Nbd2 Be7 11. Re1 Qd7 12. Nc4 b5 13. Ne3 O-O 14. Qe2
Rfd8 15. Rad1 Nd4 16. Nxd4 cxd4 17. Bxb7 Qxb7 18. Nf5 Kh8 19. Nxe7 Qxe7 20.
Qh5 Rac8 21. Rd2 Rc5 22. Qh4 Rd7 23. Re4 Qd8 24. Qh6 f5 25. Rh4 Qg8 26. Re2
Qg7 27. Qf4 Qf6 28. Rh6 Qg7 29. Rh5 Qf6 30. g4 Rdd5 31. Kf1 Kg7 32. g5 Qd8
33. Rh6 Rd7 34. Qh4 Qg8 35. f3 Kh8 36. Rg2 Rcc7 37. g6 fxg6 38. Rhxg6 Qf7
39. Qe4 Re7 40. Qxd4+ 1-0

[Event "ch-FRA Top 16 GpB"]
[Site "Cannes FRA"]
[Date "2005.04.03"]
[Round "7"]
[White "Kazhgaleyev,M"]
[Black "Dorfman,J"]
[Result "1-0"]
[WhiteElo "2613"]
[BlackElo "2603"]
[EventDate "2005.03.31"]

1. e4 e5 2. Nf3 Nc6 3. Bc4 Nf6 4. Ng5 d5 5. exd5 Na5 6. Bb5+ c6 7. dxc6
bxc6 8. Be2 h6 9. Nf3 e4 10. Ne5 Bd6 11. f4 exf3 12. Nxf3 O-O 13. O-O c5
14. Na3 Nc6 15. b3 Re8 16. Bb2 Nd4 17. Nxd4 cxd4 18. Bf3 Rb8 19. Nc4 Bc7
20. d3 Rb5 21. Qd2 Ng4 22. Bxg4 Bxg4 23. Rae1 Rxe1 24. Qxe1 Rh5 25. g3 Bh3
26. Rf2 Be6 27. Bc1 Bxc4 28. bxc4 Re5 29. Re2 Ba5 30. Qf2 Qe8 31. Rxe5 Qxe5
32. Kg2 Bb6 33. Bf4 Qe8 34. Kg1 Qe6 35. h4 Qg4 36. Bd6 Qd1+ 37. Kg2 Ba5 38.
c5 Be1 39. Qf3 Qxc2+ 40. Kh3 Bb4 41. Qa8+ Kh7 42. Qe4+ g6 43. Qxd4 Qe2 44.
Qf6 h5 45. Qxf7+ Kh8 46. Qf8+ Kh7 47. Qe7+ 1-0

[Event "ch-FRA Top 16 GpB"]
[Site "Cannes FRA"]
[Date "2005.04.03"]
[Round "7"]
[White "Renet,O"]
[Black "Fontaine,R"]
[Result "0-1"]
[WhiteElo "2490"]
[BlackElo "2537"]
[EventDate "2005.03.31"]

1. e4 c6 2. d4 d5 3. Nc3 dxe4 4. Nxe4 Bf5 5. Ng3 Bg6 6. h4 h6 7. Nf3 Nd7 8.
h5 Bh7 9. Bd3 Bxd3 10. Qxd3 e6 11. Bf4 Qa5+ 12. Bd2 Qc7 13. O-O-O O-O-O 14.
Ne4 Ngf6 15. g3 Nxe4 16. Qxe4 Bd6 17. Kb1 Nf6 18. Qe2 Rhe8 19. Bc1 Kb8 20.
Rd3 Ka8 21. Rh4 Nd5 22. Bd2 c5 23. c4 Nf6 24. Rb3 a6 25. Be3 e5 26. d5 Qd7
27. Qc2 Ng4 28. Nd2 Nxe3 29. Rxe3 f5 30. f3 Qf7 31. Rh1 Qf6 32. g4 Qg5 33.
Ree1 e4 34. gxf5 exf3 35. Nxf3 Rxe1+ 36. Nxe1 Re8 37. Nf3 Qg4 38. Qd3 Bf4
39. f6 gxf6 40. Qg6 Qxg6+ 41. hxg6 Rg8 42. Rh4 Bg5 43. Re4 Kb8 44. d6 Kc8
45. Re7 Rxg6 46. b4 b6 47. Rc7+ Kd8 48. bxc5 bxc5 49. Rxc5 Be3 50. Rd5 Rg4
51. Rd3 Bc5 52. Rd5 Rxc4 53. Rf5 Ba3 0-1

[Event "ch-FRA Top 16 GpB"]
[Site "Cannes FRA"]
[Date "2005.04.03"]
[Round "7"]
[White "Tkachiev,V"]
[Black "Efimov,I"]
[Result "1-0"]
[WhiteElo "2609"]
[BlackElo "2468"]
[EventDate "2005.03.31"]

1. d4 e6 2. c4 d5 3. Nc3 Be7 4. Nf3 Nf6 5. Bg5 Nbd7 6. e3 h6 7. Bh4 O-O 8.
Rc1 c6 9. Bd3 dxc4 10. Bxc4 a6 11. O-O c5 12. a4 cxd4 13. Nxd4 Ne5 14. Be2
Bd7 15. Qb3 Qa5 16. Bg3 Rfc8 17. Rfd1 Bf8 18. h3 Be8 19. Qxb7 Nc6 20. Nb3
Qb4 21. Bxa6 Rd8 22. Rxd8 Rxd8 23. Qxb4 Nxb4 24. Bb5 Nfd5 25. Nxd5 Nxd5 26.
Nd4 Nb4 27. Bc7 Rc8 28. Bxe8 Rxe8 29. b3 Nd5 30. Ba5 f5 31. Nb5 Kf7 32. Ra1
1-0

[Event "ch-FRA Top 16 GpB"]
[Site "Cannes FRA"]
[Date "2005.04.03"]
[Round "7"]
[White "Miralles,G"]
[Black "Bauer,Ch"]
[Result "1/2-1/2"]
[WhiteElo "2485"]
[BlackElo "2636"]
[EventDate "2005.03.31"]

1. d4 Nf6 2. Nf3 e6 3. g3 d5 4. c4 Bb4+ 5. Bd2 Be7 6. Bg2 O-O 7. O-O Nbd7
8. b3 c6 9. Nc3 b6 10. Re1 Bb7 11. a3 Rc8 12. Bf4 Nh5 13. Bc1 f5 14. e3 Bd6
15. Bb2 Nhf6 16. Ne2 Qe7 17. Nf4 Ne4 18. h4 Ndf6 19. Ne5 c5 20. Re2 cxd4
21. exd4 dxc4 22. bxc4 Bxe5 23. dxe5 Rfd8 24. Qa4 Nd7 25. Qb4 Ndc5 26. a4
a5 27. Qa3 Nd2 28. Nd5 exd5 29. Rxd2 dxc4 30. Bxb7 Qxb7 31. Rxd8+ Rxd8 32.
Qc3 Qd5 33. e6 Nxe6 34. Qe3 Qe4 35. Qxb6 f4 36. gxf4 Rf8 37. Qe3 Qg6+ 38.
Qg3 Nxf4 39. Qxg6 hxg6 40. Kf1 Nd3 41. Bd4 Rf4 42. Bb6 Rxh4 43. Ke2 Nf4+
44. Kf3 Nd5 45. Bxa5 c3 46. Bd8 Rd4 47. Bg5 c2 48. a5 Rd3+ 49. Ke2 Rb3 50.
Rc1 Nb4 51. a6 Nxa6 52. Rxc2 Rb6 53. Be3 Re6 54. Rc4 Kf7 55. Kf3 Nb8 56.
Rc7+ Re7 57. Rxe7+ Kxe7 58. Bd4 Kf7 59. Kg4 Nd7 60. f3 Nf8 61. Bb2 Ne6 62.
Bc3 Nc7 63. Bb2 Ne6 64. Bc3 Nc7 65. Bb2 Ne6 1/2-1/2

[Event "ch-FRA Top 16 GpB"]
[Site "Cannes FRA"]
[Date "2005.04.03"]
[Round "7"]
[White "Kosten,A"]
[Black "Anic,D"]
[Result "0-1"]
[WhiteElo "2527"]
[BlackElo "2465"]
[EventDate "2005.03.31"]

1. c4 c6 2. e4 e5 3. d4 Nf6 4. Nc3 d6 5. Nge2 Be7 6. g3 h5 7. h4 Bg4 8. Bg2
exd4 9. Qxd4 Nbd7 10. f3 Be6 11. b3 Qa5 12. Bd2 Qa3 13. Nf4 Nc5 14. O-O
Nfd7 15. Qe3 Bf6 16. Nfd5 Bxd5 17. exd5+ Kf8 18. dxc6 bxc6 19. Rae1 Ne5 20.
Ne4 Nxe4 21. Qxe4 Kg8 22. f4 Ng4 23. Qxc6 Rf8 24. Re8 Kh7 25. Be4+ g6 26.
Qd5 Kg7 27. Rxf8 Rxf8 28. Bc2 Qxa2 29. Qd3 Qb2 30. Re1 Rc8 31. Kg2 d5 32.
Re2 dxc4 33. bxc4 Rd8 34. Qb3 Qd4 35. f5 Qxd2 36. Rxd2 Rxd2+ 37. Kf1 Rxc2
38. fxg6 Rb2 39. Qa3 Bd4 40. Qd3 Ne3+ 41. Ke1 f6 42. c5 Kh6 43. g4 hxg4 44.
g7 Kxg7 45. h5 g3 46. Qg6+ Kf8 47. Qh6+ Ke8 48. Qg6+ Kd7 49. Qf7+ Kc6 50.
Qe6+ Kxc5 51. Qc8+ Kd5 52. Qd7+ Ke4 53. Qc6+ Kd3 54. Qa6+ Nc4 0-1

[Event "ch-FRA Top 16 GpB"]
[Site "Cannes FRA"]
[Date "2005.04.03"]
[Round "7"]
[White "Leconte,M"]
[Black "Lallemand,R"]
[Result "1/2-1/2"]
[WhiteElo "2287"]
[BlackElo "2303"]
[EventDate "2005.03.31"]

1. e4 d6 2. d4 g6 3. Nc3 Bg7 4. Be3 c6 5. Qd2 Nd7 6. O-O-O b5 7. f3 Qc7 8.
h4 h5 9. Nh3 Nb6 10. Ng5 Nh6 11. Bf4 Bd7 12. e5 dxe5 13. dxe5 Bxe5 14. Bxe5
Qxe5 15. Re1 Qc7 16. Nce4 O-O-O 17. Nc5 Qd6 18. Qc3 Bf5 19. Bd3 Kb8 20.
Bxf5 gxf5 21. Kb1 Nd5 22. Na6+ Kb7 23. Qa5 Nb6 24. b3 e6 25. a4 bxa4
1/2-1/2

[Event "ch-FRA Top 16 GpB"]
[Site "Cannes FRA"]
[Date "2005.04.03"]
[Round "7"]
[White "Dgebuadze,A"]
[Black "Delchev,A"]
[Result "1/2-1/2"]
[WhiteElo "2547"]
[BlackElo "2597"]
[EventDate "2005.03.31"]

1. e4 c5 2. Nf3 e6 3. c3 Nf6 4. e5 Nd5 5. d4 cxd4 6. cxd4 d6 7. Nc3 Nxc3 8.
bxc3 Qc7 9. Bd2 Nd7 10. exd6 Bxd6 11. Bd3 b6 12. Ng5 Nf6 13. Ne4 Nxe4 14.
Bxe4 Rb8 15. h3 O-O 16. O-O Bb7 17. Bxb7 Rxb7 18. a4 Qc4 19. Qf3 Rd7 20.
Rfb1 Rc8 21. Rb5 Bf8 22. Qe4 Rcd8 23. Qb1 Rd5 24. Qf1 Qc6 25. Rc1 e5 26.
Be3 Ba3 27. Rd1 exd4 28. cxd4 Qc2 29. Ra1 Be7 30. Rxd5 Rxd5 31. Qa6 Qc7 32.
Rc1 Qd7 33. Rc8+ Bd8 34. Ra8 h5 35. Qxa7 Qxa7 36. Rxa7 Bf6 37. Ra8+ Kh7 38.
Rf8 Ra5 39. Rxf7 Rxa4 40. Rd7 Ra1+ 41. Kh2 h4 42. g4 hxg3+ 43. Kxg3 b5 44.
Kf3 Rh1 45. Kg2 Rb1 46. Rb7 Kg6 47. Kf3 Kf5 48. h4 Rb3 49. Ke2 Ke4 50. Kd2
Bxd4 51. f3+ Kxf3 52. Bxd4 Kg4 53. Bf2 g5 54. Rg7 Kf3 55. hxg5 Kxf2 56.
Rf7+ Kg2 57. g6 Rg3 58. g7 b4 59. Ke2 b3 60. Rf2+ Kg1 1/2-1/2

[Event "ch-FRA Top 16 GpB"]
[Site "Cannes FRA"]
[Date "2005.04.03"]
[Round "7"]
[White "Agrest,E"]
[Black "Moldovan,D"]
[Result "1-0"]
[WhiteElo "2579"]
[BlackElo "2411"]
[EventDate "2005.03.31"]

1. d4 Nf6 2. c4 c5 3. d5 g6 4. Nc3 Bg7 5. e4 d6 6. Bd3 O-O 7. h3 e6 8. Bg5
exd5 9. cxd5 Qa5 10. Bd2 Qc7 11. Nf3 Bd7 12. Rc1 b5 13. O-O b4 14. Ne2 Qb6
15. Ng3 a6 16. a4 bxa3 17. bxa3 Bb5 18. Bc3 Nbd7 19. a4 Bxd3 20. Qxd3 Ne8
21. Nd2 Bxc3 22. Qxc3 Qc7 23. Nc4 Rb8 24. f4 Rb4 25. e5 Nb6 26. exd6 Nxd6
27. Ne3 Rxa4 28. Ng4 1-0

[Event "ch-FRA Top 16 GpB"]
[Site "Cannes FRA"]
[Date "2005.04.03"]
[Round "7"]
[White "Crouan,S"]
[Black "Vaisser,A"]
[Result "0-1"]
[WhiteElo "2229"]
[BlackElo "2581"]
[EventDate "2005.03.31"]

1. e4 e6 2. d4 d5 3. Nc3 Nf6 4. Bg5 dxe4 5. Nxe4 Nbd7 6. Nf3 h6 7. Bxf6
Nxf6 8. Nxf6+ Qxf6 9. Bd3 Bd6 10. O-O O-O 11. Qe2 Rd8 12. Rad1 c5 13. Qe4
cxd4 14. Qh7+ Kf8 15. Nd2 g5 16. Ne4 Qg7 17. Nxd6 Qxh7 18. Bxh7 Rxd6 19.
Bd3 e5 20. Rfe1 f6 21. f3 Bd7 22. Kf2 Re8 23. g4 Rb6 24. b3 Bb5 25. Bf5 Re7
26. h4 a5 27. a4 Bd7 28. Be4 Bc6 29. Bf5 Be8 30. Rd2 Rc6 31. Kg3 Rc3 32.
hxg5 fxg5 33. Rde2 Rc5 34. Rh1 Kg7 35. Reh2 Rc6 36. Be4 Rf6 37. Bd3 Bf7 38.
Bf5 Bg6 39. Rxh6 Bxf5 40. Rxf6 Kxf6 41. gxf5 Kxf5 42. Rh6 Rc7 43. Rb6 Rxc2
44. Rxb7 d3 45. Rb5 d2 46. Rd5 g4 47. fxg4+ Ke4 0-1

[Event "ch-FRA Top 16 GpB"]
[Site "Cannes FRA"]
[Date "2005.04.03"]
[Round "7"]
[White "Sulava,N"]
[Black "Berthelot,Y"]
[Result "1-0"]
[WhiteElo "2470"]
[BlackElo "2323"]
[EventDate "2005.03.31"]

1. d4 Nf6 2. c4 g6 3. Nc3 d5 4. Nf3 Bg7 5. Bf4 O-O 6. Rc1 dxc4 7. e3 Be6 8.
Ng5 Bd5 9. e4 h6 10. exd5 hxg5 11. Bxg5 Nxd5 12. Bxc4 Nb6 13. Bb3 Nc6 14.
Ne2 Rc8 15. h4 Nxd4 16. Nxd4 Qxd4 17. Qxd4 Bxd4 18. h5 gxh5 19. Rxh5 c5 20.
Bh6 Rfd8 21. Ke2 Rc6 22. Rg5+ Kh7 23. Rh1 Rg6 24. Bc2 Rdd6 25. Bxg6+ fxg6
26. Rg3 Kg8 27. Be3 Re6 28. Kd3 Nd5 29. Bxd4 Nf4+ 30. Kc4 cxd4 31. Rg4 Ne2
32. Kd3 Kg7 33. g3 1-0

[Event "ch-FRA Top 16 GpB"]
[Site "Cannes FRA"]
[Date "2005.04.03"]
[Round "7"]
[White "Delorme,Ax"]
[Black "Nikolaidis,I"]
[Result "0-1"]
[WhiteElo "2206"]
[BlackElo "2520"]
[EventDate "2005.03.31"]

1. e4 d5 2. exd5 Qxd5 3. Nc3 Qd6 4. d4 Nf6 5. Nf3 a6 6. g3 Bg4 7. Bg2 Nc6
8. Bf4 Qe6+ 9. Be3 O-O-O 10. h3 Bh5 11. O-O Qc4 12. g4 Bg6 13. Nd2 Qb4 14.
Bxc6 bxc6 15. Qe2 Qxb2 16. Qxa6+ Qb7 17. Qa4 Kd7 18. Rab1 Qa8 19. Qb3 e6
20. Nc4 Ke8 21. Ne5 Nd7 22. Na4 Bd6 23. Bf4 Bxe5 24. dxe5 h5 25. f3 hxg4
26. hxg4 Qa7+ 27. Kg2 Qd4 28. Qb4 Qxb4 29. Rxb4 Bxc2 30. Rc1 Bxa4 31. Rxa4
Nb6 32. Ra7 Kd7 33. Be3 Nd5 34. Bc5 Nf4+ 35. Kf1 Rh1+ 36. Bg1 Rxg1+ 0-1

[Event "ch-FRA Top 16 GpB"]
[Site "Cannes FRA"]
[Date "2005.04.03"]
[Round "7"]
[White "Sharif,Me"]
[Black "Edouard,R"]
[Result "1-0"]
[WhiteElo "2463"]
[BlackElo "2221"]
[EventDate "2005.03.31"]

1. Nf3 Nf6 2. g3 g6 3. b3 Bg7 4. Bb2 O-O 5. Bg2 c5 6. c4 Nc6 7. O-O d6 8.
d4 cxd4 9. Nxd4 Nxd4 10. Qxd4 Qa5 11. Nc3 Ng4 12. Qd2 Qh5 13. h3 Nf6 14. h4
h6 15. Bf3 Bg4 16. Bxb7 Rab8 17. Bg2 g5 18. hxg5 hxg5 19. f3 Be6 20. Kf2 g4
21. Rh1 Qa5 22. Rh4 Bxc4 23. Rah1 Be6 24. Kf1 Rfc8 25. fxg4 Rb5 26. Qd4 Rb4
27. Qd3 Rxg4 28. Rxg4 Bxg4 29. Nd5 Re8 30. Rh4 Be6 31. Ra4 Qc5 32. Nxf6+
Bxf6 33. Bxf6 exf6 34. Qd4 Qf5+ 35. Qf4 Qb1+ 36. Kf2 Qd1 37. Qd4 Qc2 38.
Be4 Qc1 39. Qxf6 Qc5+ 40. Qd4 Qh5 41. Rxa7 Bf5 42. Ra8 Qh2+ 43. Ke1 Qxg3+
44. Kd1 Rxa8 45. Bxa8 Bb1 46. Bd5 Qg6 47. a4 Qc2+ 48. Ke1 Ba2 49. Qd3 Qc1+
50. Kf2 Qf4+ 51. Qf3 Qd4+ 52. Kg2 1-0

[Event "ch-FRA Top 16 GpB"]
[Site "Cannes FRA"]
[Date "2005.04.03"]
[Round "7"]
[White "Marchadour,E"]
[Black "Bujisho,B"]
[Result "0-1"]
[WhiteElo "2017"]
[BlackElo "2399"]
[EventDate "2005.03.31"]

1. e4 c5 2. Nf3 e6 3. d4 cxd4 4. Nxd4 a6 5. Be2 Nf6 6. Nc3 Bb4 7. Qd3 d5 8.
e5 Ne4 9. O-O Nxc3 10. bxc3 Be7 11. Qg3 g6 12. Bh6 Qc7 13. f4 Nd7 14. f5
gxf5 15. Bh5 Qxe5 16. Bf4 Qf6 17. Nxe6 Qxe6 18. Rae1 Qb6+ 19. Be3 Qd6 20.
Bg5 Qxg3 21. hxg3 O-O 22. Bxe7 Nb6 23. Bxf8 Kxf8 24. g4 Nc4 25. gxf5 Bd7
26. Rf4 Nd6 27. Re5 Bc6 28. Bf3 Rd8 29. Rh4 Kg7 30. g4 Ne4 31. c4 Nd2 32.
Bg2 Nxc4 33. Re1 h6 34. Rh3 d4 35. Rd1 Ne5 36. c3 d3 37. Rg3 Kf6 38. Bf1 d2
39. Rg2 Bxg2 40. Bxg2 Nxg4 41. Bxb7 Ne3 0-1

[Event "ch-FRA Top 16 GpB"]
[Site "Cannes FRA"]
[Date "2005.04.03"]
[Round "7"]
[White "Claverie,C"]
[Black "Le Roch,D"]
[Result "1-0"]
[WhiteElo "2316"]
[BlackElo "1948"]
[EventDate "2005.03.31"]

1. d4 d5 2. Nf3 Nf6 3. g3 e6 4. Bg2 Be7 5. O-O O-O 6. c4 b6 7. Nc3 Bb7 8.
Ne5 Nbd7 9. Qa4 Nxe5 10. dxe5 Ne4 11. cxd5 Nxc3 12. bxc3 exd5 13. c4 c6 14.
cxd5 cxd5 15. Be3 Bc5 16. Bxc5 bxc5 17. Rab1 Qc7 18. Qb3 Ba6 19. Bxd5 Bxe2
20. Rfe1 Rab8 21. Qe3 Bh5 22. Rbc1 Rb5 23. Qg5 Bg6 24. e6 fxe6 25. Rxe6 Bf7
26. Re7 Qb6 27. Bxf7+ Rxf7 28. Re8+ 1-0